000
00284nam a2200097 4500
999
_c
524716
_d
524716
082
_a
A45:R8/2018.-19
100
_a
India.National Institute of Labour Economics Research and Development
_9
13040
245
_a
Annual report, 2018-19
260
_a
Delhi
_b
The author
_c
2019
300
_a
84p.